Close-Up Images in 15 Categories Quiz Stats

 Plays Quiz Updated Oct 4, 2017

Challenge
Share
Tweet
Score 0/15 Timer 03:00
0 Plays Today
Category Answer % Correct
MoviesToy Story
93.7%
TelevisionHomer Simpson
92.9%
GamingMario
89.6%
ScienceGiraffe
88.1%
Just For FunCrayola Crayons
86.9%
MusicTurntable
82.4%
EntertainmentIron Man
80.2%
HolidayWreath
77.9%
Category Answer % Correct
GeographyIreland
74.8%
ReligionBuddha
74.2%
LiteratureThe Great Gatsby
67.4%
SportsShuttlecock
66.8%
MiscellaneousRed Onion
65.8%
HistoryUnited States Constitution
65.4%
LanguageDictionary
64.4%

You're not logged in!

Compare scores with friends on all Sporcle quizzes.
Join for Free
OR
Log In

You Might Also Like...

Show Comments

Extras

Top Quizzes Today


Score Distribution

Your Account Isn't Verified!

In order to create a playlist on Sporcle, you need to verify the email address you used during registration. Go to your Sporcle Settings to finish the process.

Report this User

Report this user for behavior that violates our Community Guidelines.

Details: